00977nam a2200253Ia 4500999001500000003000400015005001700019008004100036020001300077040002100090041000800111082002700119100003800146245009100184250001800275260004800293300003500341505009700376650003200473650003600505700004000541942001200581952013000593 c5356d5356OSt20200610225130.0191128s1991 us fr 000 0 eng d a70500983 aCO-JMCRcCO-JMCR0 aeng04a330.0182 /bP648e 2231 aPindyck, Robert S., eautor9546710aEconometrics models and economic forecasts / cRobert S. Pindyck, Daniel L. Rubinfield aThird edition aNew York ; Bogotá : bMcGraw-Hill, c1991 axxii, 596 páginas ; c24 cm.0 aSingle-equiation regression models -- Multi-equation simulation models -- Time-series models14aModelos econometricos9517814aProyecciones económicas954681 aRubinfeld, Daniel L., eautor95469 2ddccBK 00102ddc40708NFICaCPLbCPLd2018-04-15eDonacióng0.00l0o330.0182 / P648e p430001752r2024-05-16 00:00:00tEj.1yBK